| 000 | 00528nam a2200181Ia 4500 | ||
|---|---|---|---|
| 003 | IN-BaIIA | ||
| 008 | 211028s9999 xx 000 0 eng d | ||
| 040 | _cIIA Library | ||
| 080 |
_a533 _bPAI |
||
| 100 |
_aPai, Shih-I _94096 |
||
| 245 | 0 |
_aMagnetogasdynamics and plasma dynamics _c Shih-I Pai |
|
| 260 |
_aWien _bSpringer-Verlag _c1962 |
||
| 300 | _ax, 197p. | ||
| 650 |
_aMagnetogasdynamics _94097 |
||
| 650 | _aNASA Thesaurus | ||
| 650 |
_aPlasma dynamics _93789 |
||
| 942 | _cBK | ||
| 999 |
_c2287 _d2287 |
||